Statystyki dla Powiaty Województwa Śląskiego z mapą

Kliknij tutaj aby rozwiązać quiz!

Ogólne statystyki

  • Ten quiz został rozwiązany 21 265 razy
  • Średni wynik to 21 z 36

Odpowiedzi na mapie

Odpowiedzi skodowane kolorowo w zielono-czerwonej skali na mapie do tego quizu, zgodnie z poniższymi procentami.
 

Statystyki odpowiedzi

Odpowiedź% Poprawnych
Katowice
95%
Częstochowa
85%
Gliwice
82%
Sosnowiec
81%
Zabrze
80%
częstochowski
79%
Chorzów
78%
Bytom
77%
Bielsko-Biała
76%
Tychy
71%
Dąbrowa Górnicza
70%
bielski
69%
Rybnik
69%
Ruda Śląska
66%
gliwicki
62%
żywiecki
62%
cieszyński
60%
Mysłowice
56%
rybnicki
56%
Żory
56%
Jaworzno
55%
Jastrzębie-Zdrój
52%
Siemianowice Śląskie
52%
będziński
49%
Piekary Śląskie
49%
Świętochłowice
49%
raciborski
48%
pszczyński
47%
wodzisławski
45%
zawierciański
43%
mikołowski
41%
myszkowski
41%
tarnogórski
40%
lubliniecki
38%
kłobucki
37%
bieruńsko-lędziński
32%

Rozkład punktacji

Percentyl według liczby udzielonych odpowiedzi

Procent ludzi z każdym wynikiem

Twoja historia wyników

Nie rozwiązałeś tego quizu